Youngest EPL Players with 50 Goals Quiz Stats

 Plays Quiz Updated Jul 17, 2019

Score 0/30 Timer 06:00
0 Plays Today
# Player % Correct
3.Wayne Rooney
95.6%
2.Michael Owen
78.7%
12.Alan Shearer
75.6%
15.Thierry Henry
72.8%
6.Harry Kane
72.1%
8.Andy Cole
70.6%
1.Robbie Fowler
64.3%
27.Ryan Giggs
64.2%
5.Cristiano Ronaldo
61.7%
23.Sergio Aguero
58.7%
24.Dwight Yorke
57%
4.Romelu Lukaku
56.5%
14.Jermain Defoe
55.2%
25.Fernando Torres
55%
30.David Beckham
52.8%
# Player % Correct
11.Raheem Sterling
48%
10.Robbie Keane
46%
17.Nicolas Anelka
43.2%
21.Darren Bent
42.4%
7.Emile Heskey
41.5%
28.Eden Hazard
37.6%
16.Daniel Sturridge
34.8%
9.Chris Sutton
30.8%
29.Matt Le Tissier
23.9%
22.Emmanuel Adebayor
21.6%
20.Harry Kewell
17.5%
18.Gabriel Agbonlahor
17.3%
13.Yakubu
16.8%
19.James Beattie
16.1%
26.John Hartson
6.6%

You're not logged in!

Compare scores with friends on all Sporcle quizzes.
OR
Log In

Sporcle TV

Today on Sporcle TV


Watch our educational content, quiz creation guides, and fun videos on Sporcle TV.

Show Comments

Extras

Top Quizzes Today


Score Distribution

Your Account Isn't Verified!

In order to create a playlist on Sporcle, you need to verify the email address you used during registration. Go to your Sporcle Settings to finish the process.

Report this User

Report this user for behavior that violates our Community Guidelines.

Details: